[Event "SC KO  <1600"]
[Site "SchemingMind.com"]
[Date "2010.10.08"]
[Round "-"]
[White "bartleby en passant"]
[Black "Olli Ylönen"]
[Result "1-0"]
[WhiteCountry "IRL"]
[BlackCountry "FIN"]
[WhiteElo "1593"]
[WhiteRD "78"]
[BlackElo "1570"]
[BlackRD "57"]
[GameID "262377"]

1. d4 d5 2. c4 e6 3. c5 c6 4. b4 b5 5. a4 bxa4 6. Rxa4 g6 7. Nf3 Bg7 8. e3 Nf6 9. Ne5 O-O 10. Bd3 Ne4
11. Bxe4 dxe4 12. Nc4 f5 13. O-O Ba6 14. Nbd2 Qd5 15. Qc2 e5 16. dxe5 Bxe5 17. Rd1 Bxc4 18. Nxc4 Qe6 19. Nxe5 Qxe5 20. Bb2 Qe6
21. Rd6 Qf7 22. Qc3 Qe7 23. Qh8+ Kf7 24. Qxh7+ Ke8 25. Qxg6+
1-0

[Event "SC KO  <1600"]
[Site "SchemingMind.com"]
[Date "2010.10.08"]
[Round "-"]
[White "Olli Ylönen"]
[Black "bartleby en passant"]
[Result "0-1"]
[WhiteCountry "FIN"]
[BlackCountry "IRL"]
[WhiteElo "1570"]
[WhiteRD "57"]
[BlackElo "1593"]
[BlackRD "78"]
[GameID "262383"]

1. Nf3 Nc6 2. d4 d5 3. g3 Bg4 4. Bg2 e6 5. O-O Bd6 6. c4 dxc4 7. h3 Bxf3 8. Bxf3 h6 9. Qa4 Ne7 10. Qxc4 Qd7
11. Nc3 a6 12. Bxc6 Nxc6 13. b3 O-O 14. Ne4 Be7 15. Qd3 Qxd4 16. Qxd4 Nxd4 17. e3 Nf3+ 18. Kg2 Ne5 19. Bb2 Nc6 20. Rfd1 Rfd8
21. Nc3 Bf6 22. e4 b5 23. f4 g6 24. e5 Bg7 25. Ne4 Nb4 26. Rxd8+ Rxd8 27. Rc1 Nd3 28. Ba3 Nxc1 29. Bxc1 Bf8 30. a3 Rd1
0-1

[Event "SC KO  <1600"]
[Site "SchemingMind.com"]
[Date "2010.10.06"]
[Round "-"]
[White "jtrochez1"]
[Black "Manfred Kraut"]
[Result "1/2-1/2"]
[WhiteCountry "HON"]
[BlackCountry "GER"]
[WhiteElo "1548"]
[WhiteRD "51"]
[BlackElo "1362"]
[BlackRD "87"]
[GameID "262565"]

1. e4 c5 2. Nf3 Nc6 3. d4 cxd4 4. Nxd4 g6 5. Nxc6 bxc6 6. Bc4 Bg7 7. Qf3 e6 8. c3 Nf6 9. Bg5 O-O 10. e5 h6
11. exf6 hxg5 12. fxg7 Kxg7 13. Nd2 Qb6 14. O-O-O Rb8 15. Bb3 c5 16. Nc4 Qb7 17. Qg3 d5 18. Nd6 Qb6 19. Nxc8 Rbxc8 20. c4 Rfd8
21. Qe5+ Kf8 22. Qxg5 dxc4 23. Bxc4 Rb8 24. Rxd8+ Rxd8 25. b3 a5 26. Rd1 Rxd1+ 27. Kxd1 Qd6+ 28. Ke2 Qxh2 29. f4 Qg1 30. Kf3 Qa1
31. a4 Qc3+ 32. Kf2 Qd2+ 33. Kg3 Qe1+ 34. Kf3 Qd1+ 35. Kg3 Qe1+=
1/2-1/2

[Event "SC KO  <1600"]
[Site "SchemingMind.com"]
[Date "2010.10.07"]
[Round "-"]
[White "Manfred Kraut"]
[Black "jtrochez1"]
[Result "0-1"]
[WhiteCountry "GER"]
[BlackCountry "HON"]
[WhiteElo "1362"]
[WhiteRD "87"]
[BlackElo "1548"]
[BlackRD "51"]
[GameID "262572"]

1. d4 Nf6 2. Nf3 Nc6 3. e3 a6 4. Bd3 d5 5. O-O Bg4 6. Nbd2 e5 7. dxe5 Nxe5 8. Be2 Nxf3+ 9. Nxf3 Bxf3 10. Bxf3 c6
11. b3 Bb4 12. Bb2 Be7 13. Re1 O-O 14. Be2 Qc7 15. Bd3 Rad8 16. f4 Ne4 17. Qg4 Nf6 18. Qg3 c5 19. Bxf6 Bxf6 20. Rad1 Rd6
21. Qh3 g6 22. c4 d4 23. Rf1 dxe3 24. Rf3 e2 25. Bxe2 Rxd1+ 26. Bxd1 Re8 27. Qh6 Re1+ 28. Kf2 Rxd1 29. f5 Bd4+ 30. Ke2 Qd7
31. f6 Bxf6 32. Rxf6 Qg4+ 33. Rf3 Rg1 34. Ke3 Rxg2 35. Rf4 Qe2#
0-1

[Event "SC KO  <1600"]
[Site "SchemingMind.com"]
[Date "2010.10.09"]
[Round "-"]
[White "Gammon"]
[Black "Hexsaw"]
[Result "1-0"]
[WhiteCountry "USA"]
[BlackCountry "ENG"]
[WhiteElo "1383"]
[WhiteRD "63"]
[BlackElo "1243"]
[BlackRD "94"]
[GameID "263042"]

1. d4 d5 2. c4 c6 3. Nf3 e6 4. Nc3 Ne7 5. e4 Nd7 6. cxd5 exd5 7. Bd3 g6 8. Bg5 Bg7 9. e5 O-O 10. O-O f6
11. exf6 Bxf6 12. Be3 b6 13. b4 a5 14. b5 c5 15. a4 c4 16. Bc2 Bb7 17. Ng5 Qc8 18. Ne6 Kf7 19. Nxf8 Nxf8 20. Re1 h5
21. Qd2 Nf5 22. Ne2 Ne6 23. g3 Nfxd4 24. Nxd4 Nxd4 25. Bxd4 Qh8 26. Bxf6 Qxf6 27. Re2 d4 28. Be4 c3 29. Qd3 Bxe4 30. Rxe4 Re8
31. Rxe8 Kxe8 32. Re1+ Kf7 33. Qc4+ Kg7 34. Re4 g5 35. Qxd4 Qxd4 36. Rxd4 Kf7 37. Rc4 Ke6 38. Rxc3 Kf5 39. Rc6 Ke4 40. Rxb6 Kd3
41. Rc6 Ke2 42. b6
1-0

[Event "SC KO  <1600"]
[Site "SchemingMind.com"]
[Date "2010.10.09"]
[Round "-"]
[White "Hexsaw"]
[Black "Gammon"]
[Result "0-1"]
[WhiteCountry "ENG"]
[BlackCountry "USA"]
[WhiteElo "1243"]
[WhiteRD "94"]
[BlackElo "1383"]
[BlackRD "63"]
[GameID "263050"]

1. e4 e6 2. Nf3 d5 3. Nc3 Nf6 4. Bd3 c5 5. O-O Nc6 6. Bb5 Be7 7. d4 dxe4 8. Ne5 Qxd4 9. Qxd4 cxd4 10. Nxc6 Bd7
11. Ne5 Bxb5 12. Nxb5 O-O 13. Nxd4 Rad8 14. Be3 Nd5 15. Rfe1 Nxe3 16. Rxe3 Rxd4 17. c3 Rd2 18. Rxe4 Rfd8 19. Kf1 Rxb2 20. Nc4 Rb5
21. Rd4 Bf6 22. Nd6 Bxd4 23. Nxb5 Bc5 24. c4 a6 25. Nc3 b5 26. cxb5 axb5 27. Nxb5 Rd2 28. Rc1 Rxf2+ 29. Ke1 Rf5 30. g4 Bb4+
31. Ke2 Rxb5 32. Rc8+ Bf8 33. a4 Rb2+ 34. Kd3 Rxh2 35. a5 Ra2 36. Ra8 Ra4 37. Ke3 g6 38. Kf3 Kg7 39. Kg3 Bd6+ 40. Kf3 Bc7
41. a6 e5 42. a7 Bb6 43. Kg3 Bxa7
0-1

[Event "SC KO  <1600"]
[Site "SchemingMind.com"]
[Date "2010.10.10"]
[Round "-"]
[White "joshuadee"]
[Black "ctimmonswv"]
[Result "1/2-1/2"]
[WhiteCountry "USA"]
[BlackCountry "USA"]
[WhiteElo "1401"]
[WhiteRD "140"]
[BlackElo "1483"]
[BlackRD "90"]
[GameID "263199"]

1. d4 d5 2. c4 e6 3. Nc3 Bb4 4. e3 Nf6 5. Bd2 Nc6 6. Nf3 O-O 7. cxd5 exd5 8. Bd3 Bg4 9. O-O Qd6 10. Nb5 Qd7
11. Bxb4 Nxb4 12. Nc3 Nxd3 13. Qxd3 Bf5 14. Qd2 Ne4 15. Nxe4 Bxe4 16. Ne5 Qe6 17. f3 Bf5 18. Rac1 Rac8 19. g4 Bg6 20. f4 f6
21. f5 Qd6 22. Nxg6 hxg6 23. fxg6 Qd7 24. Rf4 f5 25. gxf5 Rxf5 26. Rcf1 Rg5+ 27. Kh1 Rxg6 28. Qd3 Rh6 29. Qe2 c6 30. e4 g5
31. Rf7 Qe6 32. e5 Qg6 33. R1f5 Qh5 34. Qf2 Qd1+ 35. Kg2 Qg4+ 36. Kh1=
1/2-1/2

[Event "SC KO  <1600"]
[Site "SchemingMind.com"]
[Date "2010.10.10"]
[Round "-"]
[White "ctimmonswv"]
[Black "joshuadee"]
[Result "0-1"]
[WhiteCountry "USA"]
[BlackCountry "USA"]
[WhiteElo "1441"]
[WhiteRD "92"]
[BlackElo "1395"]
[BlackRD "147"]
[GameID "263206"]

1. e4 c6 2. Nf3 d5 3. Nc3 dxe4 4. Nxe4 Bg4 5. h3 Bf5 6. d3 Bxe4 7. dxe4 Qxd1+ 8. Kxd1 Nd7 9. Bc4 e6 10. Bf4 O-O-O
11. Bg5 Ngf6 12. Kc1 Bc5 13. e5 h6 14. Bh4 g5 15. Bg3 Ne4 16. Rf1 Nb6 17. Bd3 Nxg3 18. fxg3 Be3+ 19. Nd2 Rd7 20. c3 Rxd3
21. Kc2 Rxd2+ 22. Kb3 Bf2 23. Rfd1 Rxd1 24. Rxd1 Bxg3 25. Rd3 Bxe5 26. a3 Rd8 27. Kc2 Rxd3 28. Kxd3 f5 29. Ke3 Kd7 30. Kd3 Nd5
31. Kc2 Ne3+
0-1

[Event "SC KO  <1600"]
[Site "SchemingMind.com"]
[Date "2010.10.12"]
[Round "-"]
[White "Timaeus"]
[Black "PeterLiberty"]
[Result "0-1"]
[WhiteCountry "JPN"]
[BlackCountry "USA"]
[WhiteElo "1399"]
[WhiteRD "73"]
[BlackElo "1528"]
[BlackRD "63"]
[GameID "263292"]

1. b4 d5 2. d4 Nf6 3. e3 e6 4. g3 Bxb4+ 5. Bd2 Bxd2+ 6. Nxd2 O-O 7. Bd3 a6 8. Nh3 Nbd7 9. c4 b6 10. Qf3 Bb7
11. O-O Rb8 12. Rae1 c5 13. e4 dxe4 14. Bxe4 Nxe4 15. Nxe4 Nf6 16. dxc5 bxc5 17. Nxc5 Bxf3 18. Nxa6 Rb6 19. Ng5 Bb7 20. Nc5 Qa8
21. Ncxe6 fxe6 22. c5 Rc6 23. Nxe6 Re8 24. Nd4 Rxc5 25. Ne6 Rcc8 26. Re2 Ba6 27. Nxg7 Bxe2 28. Nxe8 Rxe8
0-1

[Event "SC KO  <1600"]
[Site "SchemingMind.com"]
[Date "2010.10.12"]
[Round "-"]
[White "PeterLiberty"]
[Black "Timaeus"]
[Result "1-0"]
[WhiteCountry "USA"]
[BlackCountry "JPN"]
[WhiteElo "1528"]
[WhiteRD "63"]
[BlackElo "1399"]
[BlackRD "73"]
[GameID "263296"]

1. e4 d5 2. exd5 Qxd5 3. Nc3 Qd8 4. d4 e6 5. Nf3 Nf6 6. Bg5 Be7 7. Bd3 c6 8. O-O Nbd7 9. Re1 h6 10. Bh4 Bb4
11. Qd2 c5 12. dxc5 Nxc5 13. Bb5+ Bd7 14. Bxd7+ Ncxd7 15. Ne5 g5 16. Bg3 Nd5 17. Nxd7 Qxd7 18. Qd4 O-O-O 19. Be5 Rhg8 20. Red1 f6
21. Qc4+ Qc7 22. Bxc7 Nxc7 23. Rxd8+ Rxd8 24. Qxb4 Rd2 25. Qf8+ Rd8 26. Qxf6 Rh8 27. Qxh8+ Kd7 28. Rd1+ Nd5 29. Nxd5
1-0

[Event "SC KO  <1600"]
[Site "SchemingMind.com"]
[Date "2010.10.12"]
[Round "-"]
[White "jballinger44"]
[Black "maro"]
[Result "0-1"]
[WhiteCountry "USA"]
[BlackCountry "MEX"]
[WhiteElo "1245"]
[WhiteRD "60"]
[BlackElo "1357"]
[BlackRD "52"]
[GameID "263412"]

1. e4 e5 2. Nf3 Nc6 3. Bb5 Nge7 4. O-O a6 5. Ba4 Na5 6. Nxe5 c6 7. Qf3 f6 8. Qh5+ g6 9. Qh4 fxe5 10. f4 Qb6+
11. Rf2 exf4 12. Qxf4 Bg7 13. Qf7+ Kd8 14. Qxg7 Re8 15. d3 d6 16. Bg5 Kc7 17. b4 Qxb4 18. Rf7 Qe1+ 19. Rf1 Qb4 20. Bxe7 Qc5+
21. d4 Qc4 22. Bb3 Nxb3 23. axb3 Qe6 24. Bg5+ Bd7 25. Rf6 Qxe4 26. Nc3 Qxd4+ 27. Kh1 Qxc3 28. Raf1 Re1 29. Rf7 Qxg7 30. Rxg7 Rxf1#
0-1

[Event "SC KO  <1600"]
[Site "SchemingMind.com"]
[Date "2010.10.14"]
[Round "-"]
[White "nevereverwin"]
[Black "slotheman"]
[Result "0-1"]
[WhiteCountry "ENG"]
[BlackCountry "USA"]
[WhiteElo "1145"]
[WhiteRD "109"]
[BlackElo "1674"]
[BlackRD "96"]
[GameID "263420"]

1. e4 d6 2. Nc3 Nf6 3. d4 Nbd7 4. Nf3 e5 5. Bc4 g6 6. O-O Qe7 7. Bg5 Bg7 8. d5 O-O 9. Qd3 a6 10. Bb3 b5
11. Bxf6 Qxf6 12. a4 b4 13. Ne2 Nc5 14. Qd2 Bg4 15. Qe3 Rac8 16. c3 Nxb3 17. Ra3 bxa3
0-1

[Event "SC KO  <1600"]
[Site "SchemingMind.com"]
[Date "2010.10.12"]
[Round "-"]
[White "maro"]
[Black "jballinger44"]
[Result "0-1"]
[WhiteCountry "MEX"]
[BlackCountry "USA"]
[WhiteElo "1304"]
[WhiteRD "54"]
[BlackElo "1252"]
[BlackRD "60"]
[GameID "263423"]

1. d4 Nf6 2. d5 c6 3. dxc6 bxc6 4. g3 e5 5. Bh3 Qa5+ 6. Bd2 Bb4 7. c3 Bc5 8. e3 Ne4 9. b4 Qb5 10. bxc5 Qb2
11. Ne2 Qxa1 12. a3 Na6 13. O-O Naxc5 14. c4 Nd3 15. Qc2 Rb8 16. Qxd3 Nxd2 17. Qxd2 Rxb1 18. Nc1 Qxa3 19. Qc2 Qb2 20. Qe4 Rxc1
21. Rxc1 Qxc1+ 22. Kg2 O-O 23. Qxe5 Qxc4 24. Bg4 Qxg4
0-1

[Event "SC KO  <1600"]
[Site "SchemingMind.com"]
[Date "2010.12.18"]
[Round "-"]
[White "joshuadee"]
[Black "PeterLiberty"]
[Result "0-1"]
[WhiteCountry "USA"]
[BlackCountry "USA"]
[WhiteElo "1337"]
[WhiteRD "129"]
[BlackElo "1534"]
[BlackRD "65"]
[GameID "270315"]

1. e4 c5 2. Nf3 d6 3. d4 cxd4 4. Nxd4 Nf6 5. Nc3 g6 6. Bb5+ Bd7 7. Bxd7+ Nbxd7 8. O-O Bg7 9. h3 O-O 10. Be3 Nc5
11. f3 b6 12. Nd5 Nxd5 13. Bf2 Nf4
0-1

[Event "SC KO  <1600"]
[Site "SchemingMind.com"]
[Date "2010.12.18"]
[Round "-"]
[White "PeterLiberty"]
[Black "joshuadee"]
[Result "1-0"]
[WhiteCountry "USA"]
[BlackCountry "USA"]
[WhiteElo "1534"]
[WhiteRD "65"]
[BlackElo "1337"]
[BlackRD "129"]
[GameID "270323"]

1. e4 c5 2. Nf3 d6 3. d4 cxd4 4. Nxd4 Nf6 5. Nc3 g6 6. Be3 Bg7 7. f3 a6 8. Qd2 Nc6 9. O-O-O Bd7 10. g4 h6
11. h4 b5 12. Kb1 Rc8 13. Nxc6 Bxc6 14. Bg2
1-0

[Event "SC KO  <1600"]
[Site "SchemingMind.com"]
[Date "2010.12.25"]
[Round "-"]
[White "Ulrich Klapp"]
[Black "jtrochez1"]
[Result "0-1"]
[WhiteCountry "GER"]
[BlackCountry "HON"]
[WhiteElo "1571"]
[WhiteRD "92"]
[BlackElo "1581"]
[BlackRD "48"]
[GameID "270604"]

1. d4 d5 2. c4 e6 3. g3 c6 4. Bg2 h6 5. Qc2 Bd6 6. Bd2 Ne7 7. Nf3 Ng6 8. O-O O-O 9. Nc3 Bd7 10. Rfe1 Be8
11. Bh3 Nd7 12. a3 b6 13. cxd5 cxd5 14. Rac1 Rc8 15. Qa4 Bb8 16. Nb5 Kh7 17. Rxc8 Qxc8 18. Bb4 Rg8 19. Nd6 Bxd6 20. Bxd6 a6
21. e3 Nde5 22. Qb3 Nxf3+ 23. Kf1 Nd2+ 24. Kg2 Nxb3
0-1

[Event "SC KO  <1600"]
[Site "SchemingMind.com"]
[Date "2010.12.25"]
[Round "-"]
[White "jtrochez1"]
[Black "Ulrich Klapp"]
[Result "1/2-1/2"]
[WhiteCountry "HON"]
[BlackCountry "GER"]
[WhiteElo "1606"]
[WhiteRD "52"]
[BlackElo "1565"]
[BlackRD "97"]
[GameID "270610"]

1. e4 e5 2. Bc4 Nf6 3. d3 Bd6 4. Nf3 Nc6 5. a3 O-O 6. Bg5 Bc5 7. c3 Re8 8. O-O d6 9. h3 a6 10. b4 Bb6
11. Qb3 Be6 12. Nbd2 Qe7 13. Qd1 Red8 14. Qe2 d5 15. exd5 Bxd5 16. Bxd5 Rxd5 17. c4 Rd6 18. c5 Nd4 19. Nxd4 Rxd4 20. cxb6 cxb6
21. Ne4 h6 22. Nxf6+ gxf6 23. Bxh6 Rh4 24. Rac1 Rxh6 25. Rc2 Qd8 26. Rd1 Qd5 27. Qe4 Qb3 28. Rdd2 Qxa3 29. Qxb7 Rd8 30. Qf3 Qxb4
31. Rb2 Qa5 32. Ra2 Qb4 33. Qd1 a5 34. Kh2 Rd4 35. Rdb2 Qc5 36. Rc2 Qd5 37. f3 Rg6 38. Qe2 Rxd3 39. Ra1 e4 40. Qxe4 Qxe4
41. fxe4 Rgg3 42. Rf2 Kg7 43. Raf1 Rg6 44. e5 fxe5 45. Rxf7+ Kg8 46. Rf8+ Kg7 47. h4 Rg4 48. R1f7+ Kg6 49. Rf6+ Kh7 50. h5 Rd2
51. R8f7+ Rg7 52. Rxg7+ Kxg7 53. Rxb6 Kh7 54. Rb5 e4 55. Rxa5 e3 56. Ra1 Kh6 57. Re1 Kxh5 58. Rxe3 Kg4 59. Kg1 Kf4 60. Rb3 Kg5
61. Kf1 Rd1+= 62. Kf2 Kg4 63. Rb4+ Kf5 64. g3 Kg5 65. g4 Rh1 66. Kg2 Rh6 67. Kg3 Ra6 68. Rb5+ Kf6 69. Kh4 Ra1 70. g5+ Kg7
71. Kh5 Rh1+ 72. Kg4 Rg1+ 73. Kf5 Rf1+ 74. Ke6 Kg6 75. Ke7 Rg1 76. Kf8 Rxg5 77. Rxg5+ Kxg5
1/2-1/2

[Event "SC KO  <1600"]
[Site "SchemingMind.com"]
[Date "2011.01.16"]
[Round "-"]
[White "Gammon"]
[Black "slotheman"]
[Result "0-1"]
[WhiteCountry "USA"]
[BlackCountry "USA"]
[WhiteElo "1386"]
[WhiteRD "62"]
[BlackElo "1648"]
[BlackRD "84"]
[GameID "272767"]

1. d4 Nf6 2. c4 e6 3. Nf3 c5 4. d5 d6 5. Nc3 exd5 6. cxd5 Be7 7. e4 O-O 8. Be2 Bg4 9. O-O a6 10. a4 Nbd7
11. Nd2 Bxe2 12. Qxe2 Re8 13. f4 Nf8 14. Rb1 Qd7 15. Nc4 Rab8 16. Nb6 Qg4 17. b4 Qxe2 18. Nxe2 Nxe4 19. b5 Bd8 20. Nc4 axb5
21. axb5 Ra8 22. Bb2 Ra4 23. Rbc1 Rb4 24. Rc2 Rxb5 25. Nc3 Nxc3 26. Bxc3 Bc7 27. g3 Re4 28. Nd2 Re2 29. Rfc1 Ba5 30. Nf1 Bxc3
31. Rxc3 Rbb2
0-1

[Event "SC KO  <1600"]
[Site "SchemingMind.com"]
[Date "2011.01.16"]
[Round "-"]
[White "slotheman"]
[Black "Gammon"]
[Result "1-0"]
[WhiteCountry "USA"]
[BlackCountry "USA"]
[WhiteElo "1622"]
[WhiteRD "90"]
[BlackElo "1374"]
[BlackRD "69"]
[GameID "272769"]

1. e4 e6 2. d4 d5 3. Nc3 Nf6 4. e5 Nfd7 5. f4 c5 6. dxc5 Nc6 7. a3 Bxc5 8. Qg4 g6 9. Bd2 Qb6 10. Nh3 Qxb2
11. Qd1 Qb6 12. Na4 Qd8 13. Bb5 Nb6 14. Nxc5 O-O 15. O-O Nd4 16. Bd3 Nd7 17. Nxd7 Bxd7 18. Bb4 Re8 19. c3 Nf5 20. Qb3 a6
21. Bxf5 gxf5 22. c4 dxc4 23. Qg3+ Kh8 24. Ng5 Rg8 25. Nxf7#
1-0

[Event "SC KO  <1600"]
[Site "SchemingMind.com"]
[Date "2011.01.29"]
[Round "-"]
[White "maro"]
[Black "bartleby en passant"]
[Result "1-0"]
[WhiteCountry "MEX"]
[BlackCountry "IRL"]
[WhiteElo "1333"]
[WhiteRD "59"]
[BlackElo "1602"]
[BlackRD "90"]
[GameID "273987"]

1. d4 Nf6 2. c4 e6 3. Nf3 Bb4+ 4. Bd2 Bxd2+ 5. Nbxd2 c6 6. e4 Qa5 7. a3 O-O 8. b4 Qc7 9. e5 Ne8 10. Bd3 d5
11. c5 b6 12. O-O bxc5 13. bxc5 Ba6 14. Bxa6 Nxa6 15. Qe2
1-0

[Event "SC KO  <1600"]
[Site "SchemingMind.com"]
[Date "2011.01.29"]
[Round "-"]
[White "bartleby en passant"]
[Black "maro"]
[Result "1-0"]
[WhiteCountry "IRL"]
[BlackCountry "MEX"]
[WhiteElo "1637"]
[WhiteRD "86"]
[BlackElo "1324"]
[BlackRD "61"]
[GameID "273989"]

1. d4 d5 2. c4 Nf6 3. c5 e6 4. Nc3 b6 5. b4 c6 6. Nf3 bxc5 7. bxc5 Be7 8. Qc2 h6 9. e4 dxe4 10. Nxe4 Nxe4
11. Qxe4 Qa5+ 12. Bd2 Qc7 13. Rb1 O-O 14. Bd3 a5 15. Qh7#
1-0

[Event "SC KO  <1600"]
[Site "SchemingMind.com"]
[Date "2011.03.13"]
[Round "-"]
[White "slotheman"]
[Black "PeterLiberty"]
[Result "1-0"]
[WhiteCountry "USA"]
[BlackCountry "USA"]
[WhiteElo "1623"]
[WhiteRD "88"]
[BlackElo "1479"]
[BlackRD "69"]
[GameID "277838"]

1. e4 c5 2. Nc3 e6 3. f4 d5 4. Nf3 Nc6 5. Bb5 Nf6 6. Qe2 Be7 7. O-O O-O 8. Bxc6 bxc6 9. d3 Ba6 10. e5 Nd7
11. Rd1 d4 12. Ne4 Qe8 13. c3 f6 14. c4 f5 15. Ned2 Nb6 16. b3 Qh5 17. Nxd4 Qxe2 18. Nxe2 Rad8 19. Nf3 h6 20. Be3 Rd7
21. d4 cxd4 22. Nexd4 Rfd8 23. Rdc1 Bb7 24. Nxe6 Nc8 25. Nxd8 Rxd8 26. Rd1 Rxd1+ 27. Rxd1 a6 28. Rd7 Ba8 29. Rc7 Kf7 30. Rxc8 Bb7
31. Rb8
1-0

[Event "SC KO  <1600"]
[Site "SchemingMind.com"]
[Date "2011.03.13"]
[Round "-"]
[White "PeterLiberty"]
[Black "slotheman"]
[Result "0-1"]
[WhiteCountry "USA"]
[BlackCountry "USA"]
[WhiteElo "1479"]
[WhiteRD "69"]
[BlackElo "1623"]
[BlackRD "88"]
[GameID "277839"]

1. e4 d6 2. d4 Nf6 3. Nc3 g6 4. f4 Bg7 5. Nf3 O-O 6. Bd3 Na6 7. O-O c5 8. d5 Rb8 9. Qe2 Nb4 10. Bc4 a6
11. a3 b5 12. axb4 cxb4 13. Nxb5 axb5 14. Bd3 Qc7 15. Be3 Ng4 16. b3 Bxa1 17. Rxa1 Nxe3 18. Qxe3 Bb7 19. Qd4 Rfc8 20. Qxb4 Qc5+
21. Qxc5 Rxc5 22. b4 Rc3 23. Ra5 Ra8 24. Rxa8+ Bxa8 25. Nd4 Ra3 26. Nxb5 Ra1+ 27. Kf2 Rb1 28. Nc7 Bb7 29. b5 Kf8 30. g3 Bc8
31. Na6 Bg4 32. c4 Rb2+ 33. Kg1 Bf3 34. Bf1 Bxe4 35. Nb8 Ke8 36. Nc6 Rb1 37. Nd4 Bd3 38. b6 Bxc4
0-1

[Event "SC KO  <1600"]
[Site "SchemingMind.com"]
[Date "2011.05.13"]
[Round "-"]
[White "jtrochez1"]
[Black "maro"]
[Result "1-0"]
[WhiteCountry "HON"]
[BlackCountry "MEX"]
[WhiteElo "1616"]
[WhiteRD "52"]
[BlackElo "1299"]
[BlackRD "59"]
[GameID "283811"]

1. e4 e5 2. Bc4 Nh6 3. d3 g6 4. Qf3 d5 5. Bxd5 Be6 6. Bxe6 fxe6 7. Nc3 Bb4 8. Bxh6 Bf8 9. Bxf8 Rxf8 10. Qe2 Nc6
11. Nf3 Nd4 12. Nxd4 exd4 13. Nd1 Qe7 14. O-O O-O-O 15. c4 c5 16. a3 a5 17. Qd2 b6 18. b4 axb4 19. axb4 Rd7 20. Ra8+ Kb7
21. Rxf8 Qxf8 22. b5 e5 23. f3 h5 24. Qg5 Qg7 25. Nb2 Kc8 26. f4 exf4 27. Qxf4
1-0

[Event "SC KO  <1600"]
[Site "SchemingMind.com"]
[Date "2011.05.13"]
[Round "-"]
[White "maro"]
[Black "jtrochez1"]
[Result "1-0"]
[WhiteCountry "MEX"]
[BlackCountry "HON"]
[WhiteElo "1358"]
[WhiteRD "51"]
[BlackElo "1619"]
[BlackRD "51"]
[GameID "283825"]

1. e4 Nc6 2. Nf3 e5 3. Bc4 h6 4. d4 d6 5. d5 Nb8 6. Nc3 a6 7. a4 Bg4 8. a5 Nf6 9. h3 Bh5 10. O-O Be7
11. Be2 Bxf3 12. Bxf3 Nbd7 13. Be3 c5 14. b3 O-O 15. Ne2 b5 16. axb6 Nxb6 17. Qd3 a5 18. Qb5 Nbd7 19. Bd2 a4 20. Rxa4 Rxa4
21. Qxa4 Nb6 22. Qa3 Qd7 23. Qa6 Nc8 24. Nc3 Qa7 25. Qxa7 Nxa7 26. Ra1 Nc8 27. Be2 Nh7 28. g3 g5 29. Bg4 Nf6 30. Bxc8 Rxc8
31. Ra7 Bf8 32. f3 Nh5 33. g4 Nf4 34. Bxf4 gxf4 35. h4 f6 36. h5 Rb8 37. Kf2 Bg7 38. Rd7 Bf8 39. Na2 Ra8 40. Nc1 Ra1
41. Ne2 Ra2 42. c4 Rb2 43. Rb7 Kh8 44. Ke1 Rb1+ 45. Kd2 Rf1 46. Rb8 Kg8 47. b4 cxb4 48. Rxb4 Rxf3 49. Nc3 Rg3 50. Rb8 Rxg4
51. Nb5 Rg2+ 52. Kc3 f3 53. Kd3 Kf7 54. Rb7+ Kg8 55. Ke3 Rh2 56. Kxf3 Rxh5 57. Rd7 Rg5 58. Nxd6 Bxd6 59. Rxd6 Kf7 60. c5 Ke7
61. Re6+ Kf7 62. c6 h5 63. c7 Rg8 64. Rc6 Rc8 65. d6 Ke8 66. Rb6 Kd7 67. Kg3 f5 68. exf5 e4 69. f6 Rg8+ 70. Kf4 Rg4+
71. Ke3 Rg8 72. f7
1-0

[Event "SC KO  <1600"]
[Site "SchemingMind.com"]
[Date "2011.08.14"]
[Round "-"]
[White "maro"]
[Black "slotheman"]
[Result "0-1"]
[WhiteCountry "MEX"]
[BlackCountry "USA"]
[WhiteElo "1376"]
[WhiteRD "56"]
[BlackElo "1660"]
[BlackRD "106"]
[GameID "290676"]

1. e4 d6 2. d4 Nf6 3. Nc3 g6 4. Bf4 Nbd7 5. Nf3 Bg7 6. e5 dxe5 7. Bxe5 O-O 8. Bd3 Re8 9. O-O a6 10. Ne2 Nxe5
11. Nxe5 Nd5 12. a3 b5 13. b4 Be6 14. c4 Nb6 15. Nc6 Qd7 16. cxb5 Bd5 17. Na5 axb5 18. Nc3 Bc4 19. Bxc4 bxc4 20. a4 Nd5
21. Nb5 c6 22. Na3 Nc3 23. Qf3 Bxd4 24. Nxc6 Ne2+ 25. Kh1 Bxa1 26. Rxa1 Rxa4 27. b5 Qd2 28. Ne5 f6 29. Nexc4 Qd4 30. Qxe2 Qxa1+
0-1

[Event "SC KO  <1600"]
[Site "SchemingMind.com"]
[Date "2011.08.14"]
[Round "-"]
[White "slotheman"]
[Black "maro"]
[Result "1-0"]
[WhiteCountry "USA"]
[BlackCountry "MEX"]
[WhiteElo "1651"]
[WhiteRD "103"]
[BlackElo "1357"]
[BlackRD "58"]
[GameID "290683"]

1. e4 c5 2. Nc3 Nc6 3. f4 g6 4. Nf3 Bg7 5. Bb5 Nd4 6. O-O Nxb5 7. Nxb5 d6 8. d3 Nf6 9. f5 gxf5 10. e5 Nd5
11. exd6 exd6 12. Bg5 Bf6 13. Qe2+ Be6 14. Bxf6 Qxf6 15. Nxd6+ Kf8 16. Ne5 Rg8 17. Ndxf7 Qe7 18. Nh6 Rg7 19. Nxf5 Qg5 20. Nxg7+ Kxg7
21. g3 Bh3 22. Rf7+ Kh6 23. Rf3 Be6 24. h4 Qh5 25. c4 Ne7 26. g4 Qxh4 27. Qe3+ Qg5 28. Rh3+
1-0